000 00707nam a2200289Ia 4500
005 20260324143645.0
008 008 260324s9999 xx 000 0 eng d
020 _a9781315819624
037 _aEBOOK
040 _aCRL
040 _beng
040 _cCRL
041 _2eng
041 _aeng
084 _qCRL
100 _aWilliam Montgomery Watt
_91216448
245 0 _aMuslim-Christian Encounters (Routledge Revivals)
245 0 _bPerceptions and Misperceptions
260 _bTaylor and Francis
260 _c1991
365 _a
365 _b255
856 _uhttp://www.taylorfrancis.com/books/9781315819624
942 _cEBOOK
999 _c1822093
_d1822093